000 01032cam a22003257a 4500
003 CHAP
005 20220817043627.0
008 000225d1999 it rn 00110 eng d
010 _a80106
011 _a81078
020 _a925104323X
035 _a91538
040 _cCHAP
082 0 4 _a632.93
_bF3 v.151
110 2 _aFAO
245 1 0 _aSeed policy and programmes for sub-Saharan Africa :
_bproceeding
_c/por FAO
260 _aRome :
_bFAO,
_c1999.
300 _a232 p. :
_bcuadros
490 0 _aFAO. Producción y protección vegetal
_v; 151
590 _aBATCH-UPD
_b10
_c20130110
_lUCH01
_h0843
590 _aBATCH-UPD
_b10
_c20130410
_lUCH01
_h0518
590 _aBATCH-UPD
_b10
_c20130914
_lUCH01
_h1429
590 _aCONVERSION
_b10
_c20130109
_lUCH01
_h1344
650 1 4 _aSemillas
_xInvestigación.
_9103907
830 0 _aFAO. Producción y protección vegetal
_v; 151
_939654
901 _aBK
905 _aPatricia Mendoza P.
942 _cLIBRO
949 _a632.93 F3 v.151
_bBC
_cFAO
_d33724000757878
_eFAO1
_h97336
_i91538
_sb
999 _c80106
_d80106